<?xml version="1.0" encoding="UTF-8"?>
<collection xmlns="http://www.loc.gov/MARC21/slim">
  <record>
    <leader>00000nam  2200000   4500</leader>
    <controlfield tag="001">INLIS000000000015788</controlfield>
    <controlfield tag="005">20230907104409</controlfield>
    <datafield tag="035" ind1="#" ind2="#">
      <subfield code="a">0010-0923000029</subfield>
    </datafield>
    <controlfield tag="007">ta</controlfield>
    <controlfield tag="008">230907################|##########|#|##</controlfield>
    <datafield tag="084" ind1="#" ind2="#">
      <subfield code="a">R 073 PIM II 2022</subfield>
    </datafield>
    <datafield tag="100" ind1=" " ind2="#">
      <subfield code="a">Desi Rima</subfield>
    </datafield>
    <datafield tag="245" ind1="1" ind2="#">
      <subfield code="a">Strategi Pengawasan Pengelolaan Keuangan Desa/Nagari Berbasis Pendampingan Terintegrasi /</subfield>
      <subfield code="c">Desi Rima</subfield>
    </datafield>
    <datafield tag="250" ind1="#" ind2="#">
      <subfield code="a">1</subfield>
    </datafield>
    <datafield tag="260" ind1="#" ind2="#">
      <subfield code="a">Jakarta :</subfield>
      <subfield code="b">Pusbangkom Pimnas dan Manajerial ASN,</subfield>
      <subfield code="c">2022</subfield>
    </datafield>
    <datafield tag="300" ind1="#" ind2="#">
      <subfield code="a">54 halaman :</subfield>
      <subfield code="b">Ilus ;</subfield>
      <subfield code="c">30 cm</subfield>
    </datafield>
    <datafield tag="650" ind1="#" ind2="4">
      <subfield code="a">Anggaran Administrasi Negara</subfield>
    </datafield>
    <datafield tag="520" ind1="#" ind2="#">
      <subfield code="a">Tujuan proyek perubahan ini adalah merumuskan model pengawasan terintegrasi dalam pengelolaan keuangan Desa/Nagari di Kabupaten Tanah Datar. Pengawasan Pengelolaan Keuangan Desa/Nagari Berbasis Pendampingan Terintegrasi adalah usaha, tindakan dan kegiatan yang melibatkan peran perangkat daerah terkait yaitu Inspektorat, Badan Keuangan Daerah, Dinas Pemberdayaan Masyarakat, Desa, Pengendalian Penduduk dan Keluarga Berencana dan Kecamatan yang bertujuan menjamin bahwa pengelolaan keuangan Desa/Nagari berjalan dengan tertib, disiplin anggaran, efektif, transparan dan akuntabel serta sesuai dengan ketentuan peraturan perundang-undangan yang berlaku.</subfield>
    </datafield>
    <datafield tag="990" ind1="#" ind2="#">
      <subfield code="a">073</subfield>
    </datafield>
  </record>
</collection>
